| 000 | 00565nam a22001697a 4500 | ||
|---|---|---|---|
| 003 | SGT | ||
| 020 | _a9788127236755 | ||
| 082 | _a651.74,KUM | ||
| 100 | _aKUMAR,VIRENDRA | ||
| 245 | _aBUSINESS COMMUNICATION: B.COM 1ST | ||
| 250 | _a1ST | ||
| 260 |
_aMEW DELHI _bKALYANI PUBLICATION _c2007 |
||
| 300 | _aV.P | ||
| 650 | _aOFFICE SERVICES, OFFICE COMMUNICATION, ENGLISH | ||
| 653 | _aBASICS OF COMMUNICATION, BASIC FORMS OF COMMUNICATION, COMMUNICATION MODELS & THEORIES, AUDIENCE ANALYSIS, SELF DEVELOPMENT AND COMMUNICATION, POSITIVE ATTITUTE | ||
| 942 |
_2ddc _cFCM |
||
| 999 |
_c8907 _d8907 |
||